000 00724nam a22001337a 4500
040 _cRUA
082 _aVEM SOE 2014 B439 Or.1
100 _aSOEK SINA ; ស៊ឹក ស៊ីណា
245 _aStudy on gastrointestinal parasites of cattle in basrae commune, angkor borei district , takeo province, សិក្សាលើវត្តមានបរាសិតក្នុងក្រពះពោះវៀនគោ នៅក្នុងឃុំបាស្រែ ស្រុកអង្គបូរី ខេត្តតាកែវ
260 _aPhnom Penh
_bRUA
_c2014
300 _aix ;42p.
_bill.
_c29cm.
856 _uhttps://drive.google.com/file/d/1-JMsHIn92x0wgBHrnCdvnNlC8I0llGKq/view?usp=sharing
942 _cVEM
999 _c7096
_d7096